000 00650nam a2200205Ii 4500
003 JO-AjNU
008 230605s9999||||xx |||||||||||||| ||und||
017 _a2013/4/1016
040 _aJO-AjNU
_bara
_erda
_cJO-AjNU
041 _aara
050 1 4 _aPJ7832.A45.S85 2013
100 3 _aتأليف حوامدة، موسى,
_eauthor
_949656
245 0 0 _aسلالتي الريح و...عنواني المطر: شعر
264 3 1 _aعمان:وزارة الثقافة،2013
300 _a118ص
336 _atext
_btxt
_2rdacontent
337 _aunmediated
_bn
_2rdamedia
338 _avolume
_bnc
_2rdacarrier
650 4 _aالشعر العربي
_949657
999 _aA21823
_c25391
_d25391